<?xml version="1.0" encoding="UTF-8"?>
<record
    xmlns:xsi="http://www.w3.org/2001/XMLSchema-instance"
    xsi:schemaLocation="http://www.loc.gov/MARC21/slim http://www.loc.gov/standards/marcxml/schema/MARC21slim.xsd"
    xmlns="http://www.loc.gov/MARC21/slim">

  <leader>02649nam a22002777a 4500</leader>
  <controlfield tag="005">20260106095739.0</controlfield>
  <controlfield tag="008">250116b           ||||| |||| 00| 0 eng d</controlfield>
  <datafield tag="020" ind1=" " ind2=" ">
    <subfield code="a">9788197011511</subfield>
  </datafield>
  <datafield tag="040" ind1=" " ind2=" ">
    <subfield code="c">AL</subfield>
  </datafield>
  <datafield tag="041" ind1=" " ind2=" ">
    <subfield code="a">English</subfield>
  </datafield>
  <datafield tag="082" ind1=" " ind2=" ">
    <subfield code="2">23</subfield>
    <subfield code="a">620.802</subfield>
    <subfield code="b">CHOG</subfield>
  </datafield>
  <datafield tag="100" ind1=" " ind2=" ">
    <subfield code="a">Kailash Choudhary</subfield>
    <subfield code="9">250238</subfield>
  </datafield>
  <datafield tag="245" ind1=" " ind2=" ">
    <subfield code="a">GATE Biotechnology</subfield>
    <subfield code="b">: most probable practice questions with detailed explaination</subfield>
  </datafield>
  <datafield tag="250" ind1=" " ind2=" ">
    <subfield code="a">2.</subfield>
  </datafield>
  <datafield tag="260" ind1=" " ind2=" ">
    <subfield code="a">Pune</subfield>
    <subfield code="b">IFAS Publications</subfield>
    <subfield code="c">2024</subfield>
  </datafield>
  <datafield tag="300" ind1=" " ind2=" ">
    <subfield code="a">241 p.</subfield>
    <subfield code="b">PB</subfield>
    <subfield code="c">28x21 cm.</subfield>
  </datafield>
  <datafield tag="365" ind1=" " ind2=" ">
    <subfield code="a">6032</subfield>
    <subfield code="b">&#x20B9;761.00</subfield>
    <subfield code="c">&#x20B9;</subfield>
    <subfield code="d">&#x20B9;895.00</subfield>
    <subfield code="e">15%</subfield>
    <subfield code="f">13-01-2025</subfield>
  </datafield>
  <datafield tag="520" ind1=" " ind2=" ">
    <subfield code="a">IFAS is India's No. 1 ?? CSIR UGC NET, GATE &amp; IIT JAM Institute. GATE Biotechnology Previous Year Solved Paper Book 2025 is written by Dr. Kailash Choudhary who have secured CSIR JRF AIR 1, GATE AIR 1 and guided 20,000+ students to qualify CSIR NET JRF, GATE &amp; SET Examination. A few benefits of studying from IFAS "GATE Biotechnology Practice Book" are: ??Comprehensive Coverage: This book covers Chapterwise Sorted Most Probable Questions with detailed Solutions, ensuring thorough preparation. ??Detailed Explanations: Each question is accompanied by detailed explanations, helping students understand the concepts and improve their problem-solving skills. ??Best Seller: IFAS GATE Biotechnology Practice Book is a Best Seller on Amazon, indicating its popularity and effectiveness in helping students prepare for the exam The questions are sorted as per the updated GATE Biotechnology 2025 syllabus &amp; placed under 7 Sections: Section 1: Engineering Mathematics ?? Section 2: General Biology ?? Section 3: Genetics, Cellular &amp; Molecular Biology ?? Section 4: Fundamentals of Biological Engineering ?? Section 5: Bioprocess Engineering and Process Biotechnology ?? Section 6: Plant, Animal and Microbial Biotechnology ?? Section 7: Recombinant DNA technology and other Tools in Biotechnology ?? Through this book an effort has been made to dispel GATE biotechnology exam fear. For sure success, a student should approach this exam with a strategy and planning in his/her mind. This fine sorting of questions will help the student to understand the important topic of the subject, which is most frequent in examinations. Every section starts with the Analysis Chart showing questions asked during different years of GATE Biotechnology exam.</subfield>
  </datafield>
  <datafield tag="650" ind1=" " ind2=" ">
    <subfield code="a">Biotechnology Entrance Exam</subfield>
    <subfield code="9">193667</subfield>
  </datafield>
  <datafield tag="650" ind1=" " ind2=" ">
    <subfield code="a">Chapter Wise Practice Questions</subfield>
    <subfield code="9">193668</subfield>
  </datafield>
  <datafield tag="650" ind1=" " ind2=" ">
    <subfield code="a">Useful For Gate Biotechnology</subfield>
    <subfield code="9">193669</subfield>
  </datafield>
  <datafield tag="650" ind1=" " ind2=" ">
    <subfield code="a">1500+ Question Bank</subfield>
    <subfield code="9">193670</subfield>
  </datafield>
  <datafield tag="650" ind1=" " ind2=" ">
    <subfield code="a">Detailed Explanation of Each Question</subfield>
    <subfield code="9">193671</subfield>
  </datafield>
  <datafield tag="700" ind1=" " ind2=" ">
    <subfield code="a">BHILARE (Vaishnavi )</subfield>
    <subfield code="9">193672</subfield>
  </datafield>
  <datafield tag="942" ind1=" " ind2=" ">
    <subfield code="2">ddc</subfield>
    <subfield code="c">BK</subfield>
  </datafield>
  <datafield tag="999" ind1=" " ind2=" ">
    <subfield code="c">233639</subfield>
    <subfield code="d">233639</subfield>
  </datafield>
  <datafield tag="952" ind1=" " ind2=" ">
    <subfield code="0">0</subfield>
    <subfield code="1">0</subfield>
    <subfield code="2">ddc</subfield>
    <subfield code="4">0</subfield>
    <subfield code="7">0</subfield>
    <subfield code="8">BT</subfield>
    <subfield code="a">AL</subfield>
    <subfield code="b">AL</subfield>
    <subfield code="c">SK</subfield>
    <subfield code="d">2025-01-16</subfield>
    <subfield code="e">Biblios Book Point Surathkal Mangalore 575014</subfield>
    <subfield code="g">761.00</subfield>
    <subfield code="l">5</subfield>
    <subfield code="m">1</subfield>
    <subfield code="o">620.802 CHOG</subfield>
    <subfield code="p">077517</subfield>
    <subfield code="r">2026-01-23 15:07:55</subfield>
    <subfield code="s">2026-01-13</subfield>
    <subfield code="v">895.00</subfield>
    <subfield code="w">2025-01-16</subfield>
    <subfield code="y">BK</subfield>
  </datafield>
</record>
